| 000 | 00716cam a22002413a 4500 | ||
|---|---|---|---|
| 001 | 8773 | ||
| 003 | PGUSA | ||
| 005 | 20140828083204.0 | ||
| 008 | 050801s2005||||xxu|||||s|||||000 | eng d | ||
| 040 |
_aPGUSA _beng |
||
| 042 | _adc | ||
| 050 | 4 | _aHQ | |
| 100 | 1 |
_aSutherland, Halliday, _d1882-1960 |
|
| 245 | 1 | 0 |
_aBirth Control : _bA Statement of Christian Doctrine against the Neo-Malthusians _h[electronic resource] / _cHalliday Sutherland |
| 260 |
_bProject Gutenberg, _c2005 |
||
| 506 | _aPublic domain in the USA. | ||
| 516 | _aElectronic text | ||
| 653 | _aBirth control | ||
| 653 | _aMalthusianism | ||
| 830 | 0 |
_aProject Gutenberg _v8773 |
|
| 856 | 4 | 0 | _uhttp://www.gutenberg.org/ebooks/8773 |
| 942 | _cEB | ||
| 999 |
_c238060 _d238060 |
||